Handbook of biochemistry and molecular biology (Record no. 1214416)

MARC details
000 -LEADER
fixed length control field 01065nam a2200325Ia 4500
003 - CONTROL NUMBER IDENTIFIER
control field OSt
005 - DATE AND TIME OF LATEST TRANSACTION
control field 20221007124937.0
008 - FIXED-LENGTH DATA ELEMENTS--GENERAL INFORMATION
fixed length control field 221006b |||||||| |||| 00| 0 eng d
020 ## - INTERNATIONAL STANDARD BOOK NUMBER
International Standard Book Number 9871138033092 (HBK)
037 ## - SOURCE OF ACQUISITION
Terms of availability Textual
040 ## - CATALOGING SOURCE
Original cataloging agency CDL
Transcribing agency CDL
Language of cataloging eng
041 ## - LANGUAGE CODE
Source of code eng
Language code of text/sound track or separate title eng
100 ## - MAIN ENTRY--PERSONAL NAME
Personal name Lundblad Roger L Ed.
245 #0 - TITLE STATEMENT
Title Handbook of biochemistry and molecular biology
Remainder of title Macdonald Fiona M Ed.
250 ## - EDITION STATEMENT
Edition statement 5
260 ## - PUBLICATION, DISTRIBUTION, ETC.
Place of publication, distribution, etc. Boca
Name of publisher, distributor, etc. Raton CRC press
Date of publication, distribution, etc. 2018
300 ## - PHYSICAL DESCRIPTION
Extent xv,1001p. ill
Dimensions cm.
500 ## - GENERAL NOTE
General note Appendix 979-992p.; Index 993-1001p.
650 ## - SUBJECT ADDED ENTRY--TOPICAL TERM
Topical term or geographic name entry element Enzymes
9 (RLIN) 475642
650 ## - SUBJECT ADDED ENTRY--TOPICAL TERM
Topical term or geographic name entry element Glycoscience
9 (RLIN) 721082
650 ## - SUBJECT ADDED ENTRY--TOPICAL TERM
Topical term or geographic name entry element Lipidomics and lipidomes
9 (RLIN) 721083
650 ## - SUBJECT ADDED ENTRY--TOPICAL TERM
Topical term or geographic name entry element Chemistry
700 ## - ADDED ENTRY--PERSONAL NAME
Personal name Macdonald Fiona M Ed.
942 ## - ADDED ENTRY ELEMENTS (KOHA)
Classification part E9Gg, Q8 Carc
Koha item type Textual
Source of classification or shelving scheme Colon Classification (CC)
Holdings
Withdrawn status Lost status Source of classification or shelving scheme Damaged status Not for loan Home library Current library Date acquired Source of acquisition Total Checkouts Full call number Barcode Date last seen Price effective from Koha item type
    Colon Classification (CC)     Department of Chemistry Library Department of Chemistry Library 2022-10-07 5461, 12/03/2019, Ashutosh Technical Books   E9Gg Q8 Carc CD0009375 2022-10-07 2022-10-07 Textual
Copyright @ Delhi University Library System